000
00297 a2200133 4500
001
154553
040
_c
Escola São Tomás de Aquino
240
1
0
_a
Idéias em contexto
_l
por
245
1
0
_a
Idéias em contexto
300
_a
153
440
1
_a
Editora do Brasil
697
_a
RELIGIÃO
942
_c
BK
999
_c
154553
_d
154553